书目信息 |
| 题名: |
知识工程与知识发现
|
|
| 作者: | 杨炳儒 主编 | |
| 分册: | ||
| 出版信息: | 北京 冶金工业出版社 2000.12 |
|
| 页数: | 700页 | |
| 开本: | 26cm | |
| 丛书名: | ||
| 单 册: | ||
| 中图分类: | TP182 | |
| 科图分类: | ||
| 主题词: | 知识工程--概论 | |
| 电子资源: | ||
| ISBN: | 7-5024-2681-7 | |
| 000 | 00927nam 22002411 4505 | |
| 001 | 192004003226 | |
| 005 | 20070912095530.78 | |
| 010 | @a7-5024-2681-7@dCNY85.00 | |
| 100 | @a20070602d2000 km y0chiy0121 ea | |
| 101 | 0 | @achi |
| 102 | @aCN@b110000 | |
| 105 | @aak a 000yy | |
| 200 | 1 | @a知识工程与知识发现@Azhi shi gong cheng yu zhi shi fa xian@f杨炳儒主编 |
| 210 | @a北京@c冶金工业出版社@d2000.12 | |
| 215 | @a700页@c图@d26cm | |
| 320 | @a有书目 (第686-700页) | |
| 330 | @a本书是国内涉及知识发现领域的第一本专著。全书分为两大部分,第一部分是知识工程,分4篇。第二部分知识发现在综述与基本内容介绍的基础上,着重讲述了我们围绕国家自然科学基金重点项目所做的扩展性研究成果。 | |
| 333 | @a本书可供计算机、自动化、电子信息工程、测控技术与仪器、管理科学与工程等专业的学员阅读参考。 | |
| 606 | 0 | @a知识工程@x概论 |
| 690 | @aTP182@v4 | |
| 701 | 0 | @a杨炳儒@Ayang bing ru@4主编 |
| 801 | 0 | @aCN@c20070912 |
| 905 | @dTP182@eY145 | |
| 知识工程与知识发现/杨炳儒主编.-北京:冶金工业出版社,2000.12 |
| 700页:图;26cm |
| 使用对象:本书可供计算机、自动化、电子信息工程、测控技术与仪器、管理科学与工程等专业的学员阅读参考。 |
| ISBN 7-5024-2681-7:CNY85.00 |
| 本书是国内涉及知识发现领域的第一本专著。全书分为两大部分,第一部分是知识工程,分4篇。第二部分知识发现在综述与基本内容介绍的基础上,着重讲述了我们围绕国家自然科学基金重点项目所做的扩展性研究成果。 |
| ● |
| 相关链接 |
|
|
|
正题名:知识工程与知识发现
索取号:TP182/Y145
 
预约/预借
| 序号 | 登录号 | 条形码 | 馆藏地/架位号 | 状态 | 备注 |
| 1 | 617532 | 206175324 | 自科库301/301自科库 39排4列4层/ [索取号:TP182/Y145] | 在馆 | |
| 2 | 617533 | 206175333 | 自科二线400A/400A自科库 2排2列5层/ [索取号:TP182/Y145] | 在馆 | |
| 3 | 617534 | 206175342 | 自科库301/301自科库 39排4列4层/ [索取号:TP182/Y145] | 在馆 |